000 00953nac a22002777a 4500
001 BR7324044
003 BR-BrBNA
005 20240105113710.0
008 230509b bl.|||m| |||| 00| 0 por d
040 _aBR-BrBNA
_bpor
_cBiblioteca Nacional de Agricultura
072 _aS10
090 _a9000 BR7324044
100 1 _aCramer, E.C.R.
100 1 _aCarvalho, M.C.
110 1 _aServico de Alimentacao da Previdencia Social, Rio de Janeiro, GB (Brasil)
_99286
245 1 _aTeor de riboflavina em alguns alimentos brasileiros
260 3 _aRio de Janeiro, GB (Brasil):
_c1952.
300 _a14 p.
490 _aColecao Estudo e Pesquisa Alimentar (Brazil)
_vno. 1
_x
500 _a11 ref.; Summaries (En, Pt); Reprint of "Revista Brasileira de Medicina" v. 4(11)p. 883 - Nov 1947
650 _aALIMENTO
650 _aVITAMINA G
650 _aANALISE DE ALIMENTO
909 _a202312
_bLúcia Elande
_c55
_dLúcia Elande
942 _2AGRIS
_n0
_cMS
999 _c265045
_d265045